LEADER 00824nam0-2200277---450- 001 990008493340403321 005 20070327164244.0 035 $a000849334 035 $aFED01000849334 035 $a(Aleph)000849334FED01 035 $a000849334 100 $a20070327d2000----km-y0itay50------ba 101 0 $aita 102 $aIT 105 $aa-------001yy 200 1 $aCapri exclusive$ealla scoperta dell'isola più bella del mondo$ecosa vedere, escursioni, shopping, informazioni, ... mappe illustrate 210 $aCapri$cs.n.$enapoli$gZaccaria$dc2000 215 $a90 p.$cill.$d23 cm 610 0 $aCapri$aGuide 801 0$aIT$bUNINA$gRICA$2UNIMARC 901 $aBK 912 $a990008493340403321 952 $aA-It 0684$bB.F.L.F. 55624$fILFGE 959 $aILFGE 996 $aCapri exclusive$9731219 997 $aUNINA LEADER 01467nam0-22004451i-450 001 990007883370403321 005 20230102094042.0 010 $a88-14-08226-X 020 $aIT$b2001-3529 035 $a000788337 035 $aFED01000788337 035 $a(Aleph)000788337FED01 100 $a20040512d2000----km-y0itay50------ba 101 0 $aita 102 $aIT 105 $ay---n---001yy 200 1 $a<>disciplina amministrativa e tributaria delle aziende sanitarie locali e delle aziende ospedaliere$fAntonio Nardone, Carlo Parenti, Carmine Ippolito 210 $aMilano$cGiuffré$d2000 215 $aXIV, 172 p.$d24 cm 225 1 $aCosa & come$iEnti locali 300 $aIn appendice: Circolare e risoluzioni ministeriali 610 0 $aOspedali 610 0 $aUnita sanitarie locali - Tributi - Legislazione 610 0 $aOspedali - Tributi - Legislazione 610 0 $aAziende sanitarie locali 676 $a344.4504$v21$zita 700 1$aNardone,$bAntonio$0282826 701 1$aIppolito,$bCarmine$0421626 701 1$aParenti,$bCarlo$0421627 801 0$aIT$bUNINA$gRICA$2UNIMARC 901 $aBK 912 $a990007883370403321 952 $aF 227$bs.i.$fDSS 952 $a0-4-707-TI$b9387$fECA 952 $aFL COM 68$bFL-49$fDECBC 959 $aDSS 959 $aECA 959 $aDECBC 996 $aDisciplina amministrativa e tributaria delle aziende sanitarie locali e delle aziende ospedaliere$9669193 997 $aUNINA